| 000 | 00524nam a22001817a 4500 | ||
|---|---|---|---|
| 005 | 20251118125324.0 | ||
| 010 | _aENG-147082 | ||
| 020 |
_a9789357319065 _c699.00 |
||
| 035 | _aEN-130614 | ||
| 037 | _bDBAD | ||
| 082 |
_aS _21 |
||
| 245 | _aThe Hachette Book of Indian Crime Fiction/ | ||
| 260 |
_aGurugram _bHachette Book Publishing Pvt. Ltd. _c2025 |
||
| 270 |
_a4th&5th Floors, Corporate Centre Plot No. 94, Sector 44, _bGurugram _e122003 |
||
| 300 |
_a297p. _c23cm(Pb) |
||
| 760 | _b1 | ||
| 942 |
_2ddc _cEN _hS _mHAC _e1 |
||
| 999 |
_c213776 _d213776 |
||